| 000 | 00714nam a22002057a 4500 | ||
|---|---|---|---|
| 005 | 20100820150516.0 | ||
| 010 | _aENG-101118 | ||
| 020 |
_a8190674218 _c50.00 |
||
| 020 |
_a9788190674218 _c50.00 |
||
| 035 | _aEN-84651 | ||
| 037 | _bDBAD/PUB | ||
| 082 | _a338.72082095 | ||
| 100 |
_aKarunanidhi ,S _917121 |
||
| 245 |
_aThe Women's Indian association / _cby S karunanidhi |
||
| 260 |
_aChennai _bFire Pen Publication _c2008 |
||
| 270 |
_aFire Pen Publication _bChennai |
||
| 300 |
_a60p _c18cm (pbk) |
||
| 942 |
_2ddc _cEN _h338.72082095 _mKAR |
||
| 999 |
_c42738 _d42738 |
||